000 00483nam a22002057a 4500
999 _c11681
_d11681
003 OSt
008 230110b ||||| |||| 00| 0 eng d
020 _a9789353160777
082 _a658.8 ZES
100 _aZEITHAML,Valarie,A
245 _aServices Marketing
250 _a7th Ed
260 _aNew Delhi
_bTMH
_c2019
300 _a582
650 _aServices Marketing
700 _aBITNER,Mary Jo
700 _aGREMLER,Dwayne D
700 _aPANDIT,Ayay
942 _2ddc
_cREF